<?xml version="1.0" encoding="UTF-8"?>
<record
    xmlns:xsi="http://www.w3.org/2001/XMLSchema-instance"
    xsi:schemaLocation="http://www.loc.gov/MARC21/slim http://www.loc.gov/standards/marcxml/schema/MARC21slim.xsd"
    xmlns="http://www.loc.gov/MARC21/slim">

  <leader>01002nam1a22002651i 4500</leader>
  <controlfield tag="001">rc\4541206</controlfield>
  <controlfield tag="005">20260407074155.0</controlfield>
  <datafield tag="035" ind1=" " ind2=" ">
    <subfield code="a">(NLR Aleph) 008635499</subfield>
  </datafield>
  <datafield tag="090" ind1=" " ind2=" ">
    <subfield code="a">8909411</subfield>
    <subfield code="c">8909411</subfield>
  </datafield>
  <datafield tag="100" ind1=" " ind2=" ">
    <subfield code="a">20130416d1968    |||y0rusy50      ca</subfield>
  </datafield>
  <datafield tag="101" ind1="0" ind2=" ">
    <subfield code="a">rus</subfield>
  </datafield>
  <datafield tag="102" ind1=" " ind2=" ">
    <subfield code="a">RU</subfield>
  </datafield>
  <datafield tag="105" ind1=" " ind2=" ">
    <subfield code="a">y   b   |||||</subfield>
  </datafield>
  <datafield tag="200" ind1="1" ind2=" ">
    <subfield code="a">&#x41A;&#x430;&#x442;&#x430;&#x43B;&#x43E;&#x433; &#x43A;&#x43D;&#x438;&#x433;...</subfield>
  </datafield>
  <datafield tag="210" ind1=" " ind2=" ">
    <subfield code="a">&#x41C;&#x43E;&#x441;&#x43A;&#x432;&#x430;</subfield>
    <subfield code="c">&#x411;. &#x438;.</subfield>
    <subfield code="d">1968</subfield>
  </datafield>
  <datafield tag="215" ind1=" " ind2=" ">
    <subfield code="d">21</subfield>
  </datafield>
  <datafield tag="606" ind1=" " ind2=" ">
    <subfield code="a">&#x411;&#x438;&#x431;&#x43B;&#x438;&#x43E;&#x442;&#x435;&#x43A;&#x43E;&#x432;&#x435;&#x434;&#x435;&#x43D;&#x438;&#x435;</subfield>
    <subfield code="j">&#x418;&#x437;&#x434;&#x430;&#x442;&#x435;&#x43B;&#x44C;&#x441;&#x43A;&#x438;&#x435; &#x43A;&#x430;&#x442;&#x430;&#x43B;&#x43E;&#x433;&#x438;</subfield>
    <subfield code="2">psbo</subfield>
  </datafield>
  <datafield tag="606" ind1=" " ind2=" ">
    <subfield code="a">&#x41A;&#x43D;&#x438;&#x433;&#x43E;&#x432;&#x435;&#x434;&#x435;&#x43D;&#x438;&#x435;</subfield>
    <subfield code="j">&#x418;&#x437;&#x434;&#x430;&#x442;&#x435;&#x43B;&#x44C;&#x441;&#x43A;&#x438;&#x435; &#x43A;&#x430;&#x442;&#x430;&#x43B;&#x43E;&#x433;&#x438;</subfield>
    <subfield code="2">psbo</subfield>
  </datafield>
  <datafield tag="606" ind1=" " ind2=" ">
    <subfield code="a">&#x41F;&#x43E;&#x43B;&#x438;&#x433;&#x440;&#x430;&#x444;&#x438;&#x447;&#x435;&#x441;&#x43A;&#x43E;&#x435; &#x43F;&#x440;&#x43E;&#x438;&#x437;&#x432;&#x43E;&#x434;&#x441;&#x442;&#x432;&#x43E;</subfield>
    <subfield code="j">&#x418;&#x437;&#x434;&#x430;&#x442;&#x435;&#x43B;&#x44C;&#x441;&#x43A;&#x438;&#x435; &#x43A;&#x430;&#x442;&#x430;&#x43B;&#x43E;&#x433;&#x438;</subfield>
    <subfield code="2">psbo</subfield>
  </datafield>
  <datafield tag="608" ind1=" " ind2=" ">
    <subfield code="a">&#x411;&#x438;&#x431;&#x43B;&#x438;&#x43E;&#x433;&#x440;&#x430;&#x444;&#x438;&#x44F;</subfield>
    <subfield code="j">&#x418;&#x437;&#x434;&#x430;&#x442;&#x435;&#x43B;&#x44C;&#x441;&#x43A;&#x438;&#x435; &#x43A;&#x430;&#x442;&#x430;&#x43B;&#x43E;&#x433;&#x438;</subfield>
    <subfield code="2">psbo</subfield>
  </datafield>
  <datafield tag="710" ind1="0" ind2="2">
    <subfield code="a">"&#x41A;&#x43D;&#x438;&#x433;&#x430;", &#x438;&#x437;&#x434;&#x430;&#x442;&#x435;&#x43B;&#x44C;&#x441;&#x442;&#x432;&#x43E;</subfield>
    <subfield code="c">&#x41C;&#x43E;&#x441;&#x43A;&#x432;&#x430;</subfield>
    <subfield code="3">RU\NLR\AUTH\8810038195</subfield>
    <subfield code="9">575231</subfield>
  </datafield>
  <datafield tag="801" ind1=" " ind2="0">
    <subfield code="a">RU</subfield>
    <subfield code="b">NLR</subfield>
    <subfield code="g">psbo</subfield>
  </datafield>
  <datafield tag="801" ind1=" " ind2="1">
    <subfield code="a">RU</subfield>
    <subfield code="b">ELAR</subfield>
    <subfield code="2">rusmarc</subfield>
  </datafield>
  <datafield tag="852" ind1=" " ind2=" ">
    <subfield code="a">NLR</subfield>
    <subfield code="j">&#x41A;&#x41D;.100/&#x41A;53</subfield>
  </datafield>
  <datafield tag="942" ind1=" " ind2=" ">
    <subfield code="c">BOOK</subfield>
  </datafield>
</record>
